000 00718nam a2200217 a 4500
001 000022744
005 20200930021754.0
008 101117s2004 pr a r 001 0 spa d
020 _a193227135x
040 _aDO-SdBNP
_bspa
_cBNPHU
082 _annnn
_bR788p
100 1 _aRosa Soberal, Rosalie,
_946733
245 1 0 _aPlanificación y evaluación de programas :
_bde la teoría a la práctica /
_cRosalie Rosa Soberal ; prólogo de Carmen Collado.
260 _aPuero Rico :
_bIsla Negra,
_c2004.
300 _a279 p. :
_bil. ;
_c23 cm.
490 1 _aAcademia contemporánea
500 _aIncluye índice
700 1 _aCollado, Carmen,
_epról.
_946734
830 0 _aAcademia contemporánea
_917694
049 _aBNGR
999 _c22241
_d22241